Normal view
MARC view
- Amoruso Joe
Entry Personal Name
001 - CONTROL NUMBER
- control field: 22800
003 - CONTROL NUMBER IDENTIFIER
- control field: IT-RoPau
005 - DATE AND TIME OF LATEST TRANSACTION
- control field: 20140429103121.0
008 - FIXED-LENGTH DATA ELEMENTS
- fixed length control field: 140429|| aca||aabn | a|a d
040 ## - CATALOGING SOURCE
- Original cataloging agency: IT-RoPau
- Transcribing agency: IT-RoPau
100 ## - HEADING--PERSONAL NAME
- Personal name: Amoruso Joe
- Miscellaneous information: Codice autore SPICS: 20742
- Relator term: Autore
- Name of part/section of a work: Aguadora
670 ## - SOURCE DATA FOUND
- Source citation: Work cat.: (IT-RoPau)98861: Esposito Tony 2244, Tony Esposito (Bubble) (Lp Blulp 1826)